000 01042nam a2200265Ia 4500
003 OSt
005 20220930094753.0
006 a|||||r|||| 00| 0
007 ta
008 220926b |||||||| |||| 00| 0 san d
024 _a10822
037 _cTheses
040 _aCRL
_cCRL
_bsan
041 _2san
_asan
100 _aसुप्रिया संजू, ले.
110 _aदिल्ली विश्वविद्यालय. कला संकाय. संस्कृत विभाग
_9556251
245 0 _aविष्णुपुराण का दार्शनिक अध्ययन
246 _aViṣhṇupurāṇ kā dārshanik adhyayana
260 _c2013
300 _a332प0
_ap.
_ccm.
650 _aसंस्कृत साहित्य
700 _aदिल्ली विश्वविद्यालय. कला संकाय. संस्कृत विभाग
_9556252
942 _cDIS
_2CC
999 _c887654
_d887654